000 00801nam a22002777a 4500
001 BR7901981
003 BR-BrBNA
005 20230928085954.0
007 ta
008 230509b bl.||||| |||| 00| 0 por d
040 _aBR-BrBNA
_bpor
_cBiblioteca Nacional de Agricultura
041 _a(Por)
072 _aE50
090 _ E50 BR7901981
100 1 _aMagalhaes, A.
100 1 _aBordini, M. da G. (eds.)
245 1 _aGrande manual globo de agricultura, pecuaria e receituario industrial
_bv. 7 - Saude e vida familiar no meio rural
260 3 _aPorto Alegre, RS (Brasil):
_bGlobo,
_c1978.
300 _a284 p.
650 _aSOCIOLOGIA RURAL
650 _aASSISTENCIA SOCIAL
650 _aSAUDE
650 _aCOMUNIDADE RURAL
909 _a202309
_bLucia
_c55
_dLucia Elande
942 _cBK
999 _c27250
_d27250